| 000 | 00435nam a2200169Ia 4500 | ||
|---|---|---|---|
| 003 | STCL | ||
| 008 | 181203s9999 xx 000 0 und d | ||
| 020 | _a9788173199646 | ||
| 040 |
_aSTCL _bEN _cSTCL |
||
| 082 | _222 | ||
| 100 | _aAhluwalia, V.K.; Varma, Rajender S. | ||
| 245 | 0 | _aGreen Solvents for Organic Synthesis | |
| 260 |
_bNarosa Publishing House _aNew Delhi _c2012 |
||
| 300 | _a346 | ||
| 546 | _aEnglish | ||
| 942 |
_2ddc _cBK |
||
| 999 |
_c84661 _d84661 |
||